2026年7月1日より発足するJR東日本の新事業本部 - Statistics

General Stats
  • This quiz has been taken 6 times
  • The average score is 27 of 36
Answer Stats
Answer % Correct
大宮事業本部
100%
千葉事業本部
100%
東京事業本部
100%
八王子事業本部
100%
横浜事業本部
100%
長野事業本部
100%
新潟事業本部
100%
水戸事業本部
100%
青森事業本部
100%
秋田事業本部
100%
仙台事業本部
100%
福島事業本部
100%
盛岡事業本部
100%
池袋事業本部
80%
上野事業本部
80%
川崎事業本部
80%
熊谷事業本部
80%
品川事業本部
80%
新宿事業本部
80%
立川事業本部
80%
土浦事業本部
80%
長岡事業本部
80%
山形事業本部
80%
浦和事業本部
60%
渋谷事業本部
60%
房総事業本部
60%
松戸事業本部
60%
群馬事業本部
60%
栃木事業本部
60%
松本事業本部
60%
京葉総武事業本部
40%
山梨事業本部
40%
庄内事業本部
40%
湘南伊豆事業本部
20%
武蔵野事業本部
20%
浜通り事業本部
20%
No matching quizzes found
Score Distribution
Percent of People with Each Score
Percentile by Number Answered
Your Score History
You have not taken this quiz